Time

Bibliographic Details
Main Author: Peat, Ann
Format: Book
Published: Selangor : Pearson Malaysia S.B , 2009
Series:My world
Subjects:

MARC

LEADER 00000cam a2200000 7i4500
001 0000065293
005 20220105103840.0
008 160814
020 |a 9789673392384 
090 0 0 |a MTH   |b ENG 
100 1 |a Peat, Ann 
245 1 0 |a Time   |c Ann Peat 
260 |a Selangor :   |b Pearson Malaysia S.B ,   |c 2009 
300 |a 24pg :   |b Col.ill. 
490 1 |a My world 
500 |a Children age 4-6 years old (yellow) 
650 0 |a English   |x Languages 
650 0 |a Mathematics   |x Study and teaching 
999 |a 0001196508   |b Book   |c Children Collection   |e Cawangan Bandar Penawar 
999 |a 0001196513   |b Book   |c Children Collection   |e Cawangan Pontian 
999 |a 0001196515   |b Book   |c Children Collection   |e Cawangan Segamat 
999 |a 0001196517   |b Book   |c Children Collection   |e Cawangan Mersing 
999 |a 0001196520   |b Book   |c Teenagers   |e Cawangan Bandar Tenggara 
999 |a 0001196521   |b Book   |c Children Collection   |e Cawangan Bukit Gambir